00534 2200205 4500001002100000005001500021035002000036245004400056100001900100250001100119300002300130700001900153260003900172082001000211084001600221020002200237650001400259008004100273990001400314INLIS00000000000205020260511020413 a0010-05260000031 aTeori-Teori Psikologi /cM. Nur Ghufron0 aM. Nur Ghufron aCet II a202 hlm. ;c20 cm.0 aRina Risnawati aJogjakarta :bAr-Ruzz Media,c2017 a150.1 a150.1 M. t a978-979-25-4708-5 4aPsikologi260511 0 ind  a201700259